000 01022nam a2200229Ia 4500
003 Ost
005 20260507075650.0
008 260507s9999||||xx |||||||||||||| ||und||
020 _a3050315977
040 _cfsecg
041 _aara
082 _a519.53
100 _aسعد، مراد علي عيسى
_eمؤلف
245 0 _aالإتجاهات الحديثة في الإحصاء الوصفي /
_c مراد علي عيسى سعد
260 _aالإسكندرية:
_bدار الوفاء لدينا للطباعة والنشر,
_c2008
300 _a243 صفحة؛
_bإيضاحات ؛
_c25 سم
520 _aالتحليل الوصفي للبيانات- مستويات القياس- تحليل التباين- طريقة التحليل- تحليل الإنحدار المتعدد- قياس النموذج مع البيانات
653 _aالإحصاء الرياضي
653 _aالإحصاء الوصفي
700 _aخليفة، وليد السيد أحمد
_eمؤلف ثانوي
942 _cكتاب
999 _c45590
_d45590